Las elecciones laborales en la empresa a través de la jurisprudencia (Record no. 186233)

MARC details
000 -LEADER
campo de control de longitud fija 00944nam a2200229 i 4500
001 - NÚMERO DE CONTROL
campo de control 186233
003 - IDENTIFICADOR DE NÚMERO DE CONTROL
campo de control SpMaBN
005 - FECHA Y HORA DE LA ÚLTIMA TRANSACCIÓN
campo de control 20231201200122.0
008 - DATOS DE LONGITUD FIJA--INFORMACIÓN GENERAL
campo de control de longitud fija 160923s2015 sp v |||| | spa d
020 ## - NÚMERO INTERNACIONAL ESTÁNDAR DEL LIBRO
Número Internacional Estándar del Libro 978-84-16362-10-3
080 ## - NÚMERO DE LA CLASIFICACIÓN DECIMAL UNIVERSAL
Número de la Clasificación Decimal Universal 349.2(460)(094.9)
100 1# - ENTRADA PRINCIPAL--NOMBRE DE PERSONA
Nombre de persona Martín Fauró, Urbano.
9 (RLIN) 160959
245 14 - MENCIÓN DEL TÍTULO
Título Las elecciones laborales en la empresa a través de la jurisprudencia
Resto del título : criterios de la Sala IV del Tribunal Supremo sobre las normas electorales laborales en la empresa /
Mención de responsabilidad, etc. Urbano Martín Fauró.
250 ## - MENCION DE EDICION
Mención de edición 1ª ed.
260 ## - PUBLICACIÓN, DISTRIBUCIÓN, ETC.
Lugar de publicación, distribución, etc. [Madrid] :
Nombre del editor, distribuidor, etc. Letras de Autor,
Fecha de publicación, distribución, etc. 2015.
300 ## - DESCRIPCIÓN FÍSICA
Extensión 157 p. ;
Dimensiones 21 cm.
650 #7 - PUNTO DE ACCESO ADICIONAL DE MATERIA--TÉRMINO DE MATERIA
Término de materia o nombre geográfico como elemento de entrada Derecho laboral-
Subdivisión geográfica España-
Subdivisión de forma Jurisprudencia.
9 (RLIN) 143304
852 ## - LOCALIZACIÓN
Ubicación ES-MaACL
Número de control de estantería A-13827
itemnumber 193288
Sublocalización o colección R.151108
Ubicación en estantería Depósito 1
Signatura antigua Olim: N-6827
Anotaciones manuscritas Dedicatoria autógrafa del autor
Donativo/Legado Donación: Urbano Martín Fauró
903 ## - NOMBRE PERSONAL DE DONANTE
9 160959
a Martín Fauró, Urbano
e Donante
942 ## - ELEMENTOS DE ENTRADA SECUNDARIOS (KOHA)
Fuente del sistema de clasificación o colocación Clasificación decimal universal
Tipo de ítem Koha Libro impreso
Holdings
Estatus retirado Estado de pérdida Fuente del sistema de clasificación o colocación Estado de daño No para préstamo Colección Biblioteca de origen Biblioteca actual Ubicación en estantería Fecha de adquisición Fuente de adquisición Total de préstamos Signatura topográfica completa Código de barras Visto por última vez Precio de reemplazo Tipo de ítem Koha Nota pública
    Clasificación decimal universal     Libros con dedicatorias Biblioteca del Ateneo de Madrid Biblioteca del Ateneo de Madrid Depósito 1 23/09/2016 Donación   A-13827 1196351 23/02/2023 23/02/2023 Libro impreso Dedicatoria autógrafa del autor